[Event "Vojvodina-chT 21st"]
[Site "Backa Palanka"]
[Date "2021.10.29"]
[Round "10.6"]
[White "Joksimovic, Dragoljub"]
[Black "Radanovic, Aleksandar"]
[Result "1-0"]
[WhiteElo "2146"]
[BlackElo "2210"]
[PlyCount "73"]
[EventDate "2021.10.23"]
[EventType "team-tourn"]
[EventRounds "11"]
[EventCountry "SRB"]
[SourceTitle "CBM 204 Extra"]
[Source "ChessBase"]
[SourceDate "2021.11.30"]
[SourceVersion "1"]
[SourceVersionDate "2021.11.30"]
[SourceQuality "1"]
[WhiteTeam "Krajisnik Krajina"]
[BlackTeam "Petrovaradin Kraljica"]
[WhiteTeamCountry "SRB"]
[BlackTeamCountry "SRB"]

1. g3 c6 2. Nf3 d6 3. d4 Nf6 4. Bg2 Qc7 5. 0-0 Bg4 6. c4 e5 7. Nc3 Nbd7 8. h3 Bh5 9. e4 Be7 10. b4 exd4 11. Qxd4 Qb6 12. Qd2 Bxf3 13. Bxf3 Ne5 14. Be2 0-0 15. Rb1 Rfd8 16. a4 d5 17. exd5 Bxb4 18. Bb2 cxd5 19. cxd5 Qc5 20. Rfc1 Rac8 21. Qg5 Qe7 22. Nb5 Rxc1+ 23. Rxc1 Ned7 24. Bf3 Bc5 25. Nd4 Ne5 26. Rxc5 Qxc5 27. Qxe5 Re8 28. Qg5 h6 29. Qd2 Rd8 30. Nf5 Qb6 31. d6 Ne8 32. Qc3 f6 33. a5 Qb5 34. g4 Qd7 35. Ba3 g6 36. Ne7+ Kg7 37. Qc2 1-0

[Event "Vojvodina-chT 2nd League"]
[Site "Backa Palanka"]
[Date "2020.10.21"]
[Round "8.4"]
[White "Radanovic, Aleksandar"]
[Black "Brajic, Miloje"]
[Result "1-0"]
[WhiteElo "2161"]
[BlackElo "2220"]
[PlyCount "99"]
[EventDate "2020.10.16"]
[EventType "team-tourn"]
[EventRounds "11"]
[EventCountry "SRB"]
[SourceTitle "EXT 2022"]
[Source "ChessBase"]
[SourceDate "2021.10.06"]
[SourceVersion "1"]
[SourceVersionDate "2021.10.06"]
[SourceQuality "1"]
[WhiteTeam "Petrovaradin Kraljica"]
[BlackTeam "Backa Palanka"]
[WhiteTeamCountry "SRB"]
[BlackTeamCountry "SRB"]

1. e4 Nf6 2. e5 Nd5 3. d4 d6 4. Bc4 Nb6 5. Bb3 dxe5 6. Qh5 e6 7. dxe5 a5 8. c3 Nc6 9. Nf3 g6 10. Qh3 Qd3 11. Be3 Bg7 12. Na3 Nxe5 13. Rd1 Qf5 14. Qxf5 gxf5 15. Nb5 0-0 16. Nxe5 Bxe5 17. f4 a4 18. fxe5 Ra5 19. Nxc7 Rxe5 20. Kf2 Rxe3 21. Kxe3 axb3 22. axb3 Bd7 23. Rd6 Bc6 24. Rhd1 Kg7 25. c4 Rc8 26. Nb5 Bxb5 27. Rxb6 Bc6 28. g3 Kf6 29. b4 Ke5 30. b5 Be4 31. Rc1 Rd8 32. Rc3 Rd1 33. c5 Re1+ 34. Kd2 Rh1 35. Rc1 Rxh2+ 36. Kc3 Rg2 37. c6 Rxg3+ 38. Kb4 bxc6 39. bxc6 Bxc6 40. Rbxc6 f4 41. Rc7 f5 42. Rxh7 f3 43. Rhh1 Kf4 44. Rc4+ Ke3 45. Re1+ Kd2 46. Rxe6 f2 47. Rd4+ Kc1 48. Rc6+ Kb1 49. Rd1+ Kxb2 50. Rd2+ 1-0

[Event "Vojvodina-chT 2nd League"]
[Site "Backa Palanka"]
[Date "2020.10.19"]
[Round "5.5"]
[White "Zolotic, Zoran"]
[Black "Radanovic, Aleksandar"]
[Result "1/2-1/2"]
[WhiteElo "2229"]
[BlackElo "2161"]
[PlyCount "55"]
[EventDate "2020.10.16"]
[EventType "team-tourn"]
[EventRounds "11"]
[EventCountry "SRB"]
[SourceTitle "EXT 2022"]
[Source "ChessBase"]
[SourceDate "2021.10.06"]
[SourceVersion "1"]
[SourceVersionDate "2021.10.06"]
[SourceQuality "1"]
[WhiteTeam "Mladenovo"]
[BlackTeam "Petrovaradin Kraljica"]
[WhiteTeamCountry "SRB"]
[BlackTeamCountry "SRB"]

1. Nf3 c6 2. d4 d6 3. c4 Bg4 4. Nc3 Nd7 5. g3 Qc7 6. Bg2 e5 7. 0-0 Ngf6 8. dxe5 dxe5 9. Qc2 Be7 10. b3 Bh5 11. Bb2 Bg6 12. Qc1 0-0 13. Nh4 Rfe8 14. Nxg6 hxg6 15. Rd1 Rad8 16. Qc2 Bc5 17. e3 Bf8 18. Rac1 a5 19. Rd2 Nc5 20. Rcd1 Rxd2 21. Rxd2 Rd8 22. Qd1 Rxd2 23. Qxd2 Be7 24. h3 Qd7 25. Qxd7 Nfxd7 26. Kf1 Nd3 27. Nd1 Nxb2 28. Nxb2 1/2-1/2

[Event "Vojvodina-chT 2nd League"]
[Site "Backa Palanka"]
[Date "2020.10.17"]
[Round "2.5"]
[White "Radanovic, Aleksandar"]
[Black "Terzic, Zoran"]
[Result "1-0"]
[WhiteElo "2161"]
[BlackElo "2029"]
[PlyCount "119"]
[EventDate "2020.10.16"]
[EventType "team-tourn"]
[EventRounds "11"]
[EventCountry "SRB"]
[SourceTitle "EXT 2022"]
[Source "ChessBase"]
[SourceDate "2021.10.06"]
[SourceVersion "1"]
[SourceVersionDate "2021.10.06"]
[SourceQuality "1"]
[WhiteTeam "Petrovaradin Kraljica"]
[BlackTeam "Starcevo Borac"]
[WhiteTeamCountry "SRB"]
[BlackTeamCountry "SRB"]

1. e4 e6 2. d4 b6 3. Bd3 Bb7 4. Nf3 Nf6 5. Qe2 h6 6. c3 d6 7. Nbd2 Nbd7 8. e5 dxe5 9. dxe5 Nd5 10. Ne4 g6 11. 0-0 Bg7 12. h3 Nxe5 13. Nxe5 Bxe5 14. Nc5 Bg7 15. Nxb7 Qd7 16. c4 Nb4 17. Be4 c6 18. Qd2 Nd5 19. cxd5 cxd5 20. Bxd5 exd5 21. Re1+ Kf8 22. Qb4+ Kg8 23. Re7 Qc6 24. Qf4 Bf6 25. Qc7 Qxc7 26. Rxc7 Re8 27. Be3 Bxb2 28. Rd1 Be5 29. Rd7 Kg7 30. R1xd5 Bf6 31. Nd6 Re7 32. Rxe7 Bxe7 33. Bd4+ f6 34. Ne4 Rd8 35. Rxd8 Bxd8 36. Kf1 Kf7 37. Ke2 Ke6 38. Nc3 f5 39. Kd3 a6 40. a4 Kd6 41. Kc4 Kc6 42. Be5 Be7 43. Ne2 b5+ 44. axb5+ axb5+ 45. Kd3 Bf8 46. Nf4 g5 47. Ne2 Kd5 48. Bf6 b4 49. Nd4 f4 50. g4 fxg3 51. fxg3 Bd6 52. g4 Be5 53. Bxe5 Kxe5 54. Kc4 Ke4 55. Nf5 Kf4 56. Nxh6 Kg3 57. Kxb4 Kxh3 58. Kc4 Kg3 59. Kd4 Kf4 60. Kd5 1-0

[Event "Vojvodina-chT"]
[Site "Kovacica"]
[Date "2019.11.04"]
[Round "5.6"]
[White "Radanovic, Aleksandar"]
[Black "Kecskemeti, Arpad"]
[Result "1/2-1/2"]
[WhiteElo "2173"]
[BlackElo "2240"]
[PlyCount "141"]
[EventDate "2019.11.01"]
[EventType "team-tourn"]
[EventRounds "11"]
[EventCountry "SRB"]
[SourceTitle "CBM 192 Extra"]
[Source "Chessbase"]
[SourceDate "2019.11.06"]
[SourceVersion "1"]
[SourceVersionDate "2019.11.06"]
[SourceQuality "1"]
[WhiteTeam "Petrovaradin Kraljica"]
[BlackTeam "Backa Pacir"]
[WhiteTeamCountry "SRB"]
[BlackTeamCountry "SRB"]

1. e4 c5 2. Nc3 d6 3. Nf3 Nf6 4. d4 cxd4 5. Nxd4 a6 6. Bc4 e6 7. Bb3 Nbd7 8. Bg5 Nc5 9. Qf3 Be7 10. 0-0-0 Qc7 11. Rhe1 0-0 12. Kb1 b5 13. e5 Bb7 14. exd6 Bxf3 15. dxc7 Bxd1 16. Rxd1 Rfc8 17. Bf4 Ne8 18. Bd5 exd5 19. Nxd5 Bd6 20. Bxd6 Nxd6 21. Nb6 Kf8 22. Nxa8 Rxa8 23. Nc6 Ncb7 24. Nb8 g6 25. b3 b4 26. Rd4 a5 27. a3 Kg7 28. axb4 axb4 29. Rxb4 Ra7 30. Rd4 Nc8 31. Nc6 Ra6 32. Nd8 Nbd6 33. c4 Ra7 34. c5 Nb5 35. Rd7 Nxc7 36. Rxf7+ Kg8 37. Rd7 Nb5 38. Nb7 Ra8 39. Kc2 Nca7 40. Nd8 Rc8 41. b4 Rc7 42. Rxc7 Nxc7 43. Kd3 Kf8 44. Kc4 Ke7 45. Nb7 Nab5 46. Na5 Ke6 47. Nc6 Na3+ 48. Kb3 Nab5 49. Ka4 Kd5 50. Ne7+ Ke6 51. Nc8 Kd7 52. Nb6+ Kc6 53. Ka5 Ne6 54. Nc4 Ned4 55. Ne5+ Kd5 56. f4 g5 57. g3 gxf4 58. gxf4 Na3 59. Kb6 Ke4 60. c6 Nxc6 61. Kxc6 Kxf4 62. Kd5 h5 63. Nc4 Nb5 64. Ke6 Kg4 65. Ke5 h4 66. Ne3+ Kf3 67. Kf5 Kxe3 68. Kg4 Ke4 69. Kxh4 Kf4 70. Kh5 Kf5 71. h3 1/2-1/2

[Event "Vojvodina-chT 2nd League"]
[Site "Novi Sad"]
[Date "2018.11.11"]
[Round "3.4"]
[White "Radanovic, Aleksandar"]
[Black "Nagy, Attila"]
[Result "1-0"]
[WhiteElo "2147"]
[BlackElo "2241"]
[PlyCount "105"]
[EventDate "2018.11.09"]
[EventType "team-tourn"]
[EventRounds "11"]
[EventCountry "SRB"]
[SourceTitle "CBM 187 Extra"]
[Source "ChessBase"]
[SourceDate "2018.11.04"]
[SourceVersion "1"]
[SourceVersionDate "2018.11.04"]
[SourceQuality "1"]
[WhiteTeam "Novi Sad Kraljica PTT"]
[BlackTeam "Senta"]
[WhiteTeamCountry "SRB"]
[BlackTeamCountry "SRB"]

1. e4 c5 2. Nf3 e6 3. d4 cxd4 4. Nxd4 Nf6 5. Bd3 d6 6. Nc3 Be7 7. 0-0 a6 8. a4 0-0 9. Kh1 Nc6 10. Nb3 b6 11. f4 Bb7 12. Be2 Nb4 13. Bf3 d5 14. exd5 Nbxd5 15. Nxd5 Bxd5 16. Be3 Qc7 17. Nd4 Rac8 18. b3 Qc3 19. Qe1 Bxf3 20. Rxf3 Bb4 21. Qf1 Rfd8 22. Bg1 Qc7 23. Qxa6 e5 24. fxe5 Qxe5 25. Qb5 Bc5 26. c3 Rd5 27. Rf5 Qe4 28. Rxd5 Nxd5 29. Qd7 Re8 30. Rf1 Re7 31. Qd8+ Re8 32. Qg5 h6 33. Qh5 Nf4 34. Qf3 Qxf3 35. Rxf3 g5 36. g3 Nh3 37. Kg2 g4 38. Re3 Rd8 39. Re4 h5 40. b4 Ng5 41. Re2 Bf8 42. Nc6 Rd3 43. Bxb6 Rxc3 44. b5 Nf3 45. Ne5 Ra3 46. a5 Bg7 47. Nc4 Rc3 48. a6 Rxc4 49. a7 Rc8 50. Ra2 Ra8 51. Bf2 Bd4 52. Bxd4 Nxd4 53. b6 1-0

[Event "Vojvodina-chT 2nd League"]
[Site "Novi Sad"]
[Date "2018.11.10"]
[Round "2.5"]
[White "Radanovic, Aleksandar"]
[Black "Besedes, Danilo"]
[Result "0-1"]
[WhiteElo "2147"]
[BlackElo "2290"]
[PlyCount "78"]
[EventDate "2018.11.09"]
[EventType "team-tourn"]
[EventRounds "11"]
[EventCountry "SRB"]
[SourceTitle "CBM 187 Extra"]
[Source "ChessBase"]
[SourceDate "2018.11.04"]
[SourceVersion "1"]
[SourceVersionDate "2018.11.04"]
[SourceQuality "1"]
[WhiteTeam "Novi Sad Kraljica PTT"]
[BlackTeam "Elemir Naftagas"]
[WhiteTeamCountry "SRB"]
[BlackTeamCountry "SRB"]

1. e4 e6 2. Nf3 d5 3. Nc3 Nf6 4. exd5 exd5 5. d4 Be7 6. Bd3 0-0 7. h3 c5 8. dxc5 Nbd7 9. Be3 Nxc5 10. Bxc5 Bxc5 11. 0-0 a6 12. a4 h6 13. Kh1 Re8 14. Qd2 Bd7 15. Rae1 Qb6 16. a5 Qc7 17. Re2 Bb4 18. Ra1 Rxe2 19. Bxe2 Qc5 20. Qd4 Rc8 21. Na4 Qxa5 22. c3 Bd6 23. b4 Qc7 24. Nb6 Re8 25. Bd3 Bc6 26. Rd1 Qd8 27. Bc2 Bc7 28. Na4 Re2 29. Bd3 Bxa4 30. Bxe2 Bb6 31. Qh4 Bxd1 32. Bxd1 Qc7 33. Bc2 Qxc3 34. Bf5 Qc1+ 35. Kh2 Bc7+ 36. g3 Bd6 37. Kg2 Qc3 38. Qd4 Bxb4 39. Qb6 g6 0-1

[Event "Vojvodina-chT 2nd League"]
[Site "Novi Sad"]
[Date "2018.11.09"]
[Round "1.6"]
[White "Radanovic, Aleksandar"]
[Black "Stikovic, Dobrica"]
[Result "1/2-1/2"]
[WhiteElo "2147"]
[BlackElo "2169"]
[PlyCount "34"]
[EventDate "2018.11.09"]
[EventType "team-tourn"]
[EventRounds "11"]
[EventCountry "SRB"]
[SourceTitle "CBM 187 Extra"]
[Source "ChessBase"]
[SourceDate "2018.11.04"]
[SourceVersion "1"]
[SourceVersionDate "2018.11.04"]
[SourceQuality "1"]
[WhiteTeam "Novi Sad Kraljica PTT"]
[BlackTeam "Novi Sad Vojvodina"]
[WhiteTeamCountry "SRB"]
[BlackTeamCountry "SRB"]

1. e4 e6 2. d4 d5 3. Nc3 Bb4 4. Nge2 dxe4 5. a3 Bxc3+ 6. Nxc3 Nc6 7. Bb5 Nge7 8. Nxe4 e5 9. Bg5 Qd5 10. Qd3 Bf5 11. f3 exd4 12. Bxe7 Kxe7 13. Bxc6 bxc6 14. 0-0-0 Rhd8 15. g4 Bxe4 16. Rhe1 Kf8 17. Qxe4 Kg8 1/2-1/2

[Event "Novi Sad Januar"]
[Site "Novi Sad"]
[Date "2009.01.11"]
[Round "4"]
[White "Nikolic, Milenko"]
[Black "Radanovic, Aleksandar"]
[Result "1/2-1/2"]
[WhiteElo "2033"]
[BlackElo "2193"]
[PlyCount "29"]
[EventDate "2009.01.10"]
[EventType "swiss"]
[EventRounds "5"]
[EventCountry "SRB"]
[SourceTitle "EXT 2019"]
[Source "ChessBase"]
[SourceDate "2018.10.10"]
[SourceVersion "1"]
[SourceVersionDate "2018.10.10"]
[SourceQuality "1"]

1. d4 Nf6 2. Nf3 e6 3. Bf4 d5 4. e3 c5 5. c3 Nc6 6. Bd3 Bd6 7. Bg5 Qc7 8. Nbd2 e5 9. dxe5 Nxe5 10. Nxe5 Bxe5 11. Nf3 Be6 12. Nxe5 Qxe5 13. Bf4 Qh5 14. Bb5+ Ke7 15. Be2 1/2-1/2

[Event "Novi Sad Januar"]
[Site "Novi Sad"]
[Date "2009.01.11"]
[Round "5"]
[White "Radanovic, Aleksandar"]
[Black "Stojadinov, Svetlana"]
[Result "1-0"]
[WhiteElo "2193"]
[BlackElo "1741"]
[PlyCount "75"]
[EventDate "2009.01.10"]
[EventType "swiss"]
[EventRounds "5"]
[EventCountry "SRB"]
[SourceTitle "EXT 2019"]
[Source "ChessBase"]
[SourceDate "2018.10.10"]
[SourceVersion "1"]
[SourceVersionDate "2018.10.10"]
[SourceQuality "1"]

1. e4 e5 2. Nf3 Nf6 3. Bc4 Nxe4 4. Nc3 Nf6 5. Nxe5 d5 6. Bb3 Bc5 7. d4 Bb4 8. 0-0 0-0 9. Bg5 h6 10. Bxf6 Qxf6 11. Nxd5 Qd6 12. Nxb4 Qxb4 13. c3 Qd6 14. Qf3 Qf6 15. Rfe1 Qxf3 16. Nxf3 Nc6 17. d5 Na5 18. Re7 c6 19. d6 Nxb3 20. axb3 Rd8 21. Rd1 b6 22. d7 Bb7 23. Ne5 Rf8 24. Nxf7 Rxf7 25. Rxf7 Kxf7 26. d8Q Rxd8 27. Rxd8 Ke6 28. Rg8 Kf7 29. Rb8 Ba6 30. Ra8 Bd3 31. Rxa7+ Kf6 32. f3 Bg6 33. Rc7 Be8 34. Kf2 g6 35. Ke3 b5 36. Kd4 Ke6 37. Kc5 Kf6 38. Rxc6+ 1-0

[Event "Novi Sad Januar"]
[Site "Novi Sad"]
[Date "2009.01.10"]
[Round "2"]
[White "Zlatic, Mihailo"]
[Black "Radanovic, Aleksandar"]
[Result "1-0"]
[WhiteElo "2468"]
[BlackElo "2193"]
[PlyCount "83"]
[EventDate "2009.01.10"]
[EventType "swiss"]
[EventRounds "5"]
[EventCountry "SRB"]
[SourceTitle "EXT 2019"]
[Source "ChessBase"]
[SourceDate "2018.10.10"]
[SourceVersion "1"]
[SourceVersionDate "2018.10.10"]
[SourceQuality "1"]

1. e4 c6 2. d4 d5 3. exd5 cxd5 4. c4 Nf6 5. Nc3 e6 6. Nf3 Be7 7. cxd5 exd5 8. Bb5+ Bd7 9. Qb3 0-0 10. 0-0 a6 11. Bxd7 Qxd7 12. Ne5 Qc7 13. Nxd5 Nxd5 14. Qxd5 Nc6 15. Be3 Rad8 16. Qc4 Bd6 17. Nf3 Qa5 18. Qb3 Ne7 19. Bd2 Qc7 20. Rac1 Qd7 21. Ba5 Rb8 22. Rfe1 Nc6 23. Bc3 Bf4 24. Rcd1 Rfe8 25. d5 Rxe1+ 26. Rxe1 Ne7 27. Qc4 Nxd5 28. Rd1 Rd8 29. Ba5 b5 30. Qe4 f5 31. Qc2 Rc8 32. Rxd5 Rxc2 33. Rxd7 Rxb2 34. g3 Rxa2 35. Bc3 Bb8 36. Rd8+ Kf7 37. Rxb8 Ra3 38. Bd4 Rxf3 39. Be3 g5 40. Kg2 g4 41. Rb6 f4 42. gxf4 1-0